| 000 | 00845nam a22002297a 4500 | ||
|---|---|---|---|
| 999 |
_c1862 _d1862 |
||
| 003 | AR-CdUCM | ||
| 008 | 190228b ||||| |||| 00| 0 sp d | ||
| 040 |
_aMUNICIPALIDAD PROVINCIAL DEL CUSCO _cBIBLIOTECA MUNICIPAL DEL CUSCO |
||
| 082 |
_a325.85 / _bA76 |
||
| 100 |
_ade Arona, Juan _96823 |
||
| 245 | _aLa inmigración en el Perú / | ||
| 260 |
_aLima : _bEditorial e Imprenta Enrique , _c1971. |
||
| 300 |
_a262 páginas ; _c20 cm. |
||
| 505 | _aJuan de Arona ensayo de interpretación -- Bosquejo biográfico de Juan de Arona -- Bibliográfica de inmigración en el Perú... | ||
| 650 |
_aInmigración. _96824 |
||
| 650 |
_aJuan de Arona. _96825 |
||
| 700 |
_aLLosa, Jorge Guillermo _96826 |
||
| 700 |
_aOrtiz de Zevallos, Carlos _96827 |
||
| 700 |
_aPadilla Bendezú, Abraham _96828 |
||
| 942 |
_2ddc _cLIBROS |
||
| 945 |
_awfj _d2019-02-28 |
||